Government and politics in Japan: the road to democracy
Gorde:
| Egile nagusia: | |
|---|---|
| Formatua: | Liburua |
| Hizkuntza: | ingelesa |
| Argitaratua: |
Nueva York
Frederick A. Praeger
1962
|
| Saila: | Praeger University Series
|
| Gaiak: | |
| Etiketak: |
Etiketa erantsi
Etiketarik gabe, Izan zaitez lehena erregistro honi etiketa jartzen!
|
MARC
| LEADER | 00000nam a2200000 a 4500 | ||
|---|---|---|---|
| 001 | UCT6299 | ||
| 003 | CL-VaPUC | ||
| 008 | 970106e19620000US |||||||||||||||||eng|d | ||
| 082 | 0 | 4 | |a 320.952 |b MAK |2 21 |
| 100 | |a Maki, John M. |e autor |9 376304 | ||
| 245 | 1 | 0 | |a Government and politics in Japan: the road to democracy |
| 300 | |a 275 p | ||
| 942 | |c BK | ||
| 945 | |d 19970106 00:00:00 |a paguirre | ||
| 260 | |a Nueva York |b Frederick A. Praeger |c 1962 | ||
| 650 | 0 | |a Gobierno |9 255508 | |
| 650 | 0 | |a Política |9 255312 | |
| 650 | 0 | |a Ciencias Políticas |9 255201 | |
| 650 | 0 | |a Democracia |9 255256 | |
| 650 | 7 | |a SISTEMAS POLITICOS |2 CL-VaPUC |9 376305 | |
| 650 | 0 | |a Partidos políticos |9 254999 | |
| 650 | 0 | |a Elecciones |9 254997 | |
| 650 | 0 | |a Representación política |9 362081 | |
| 651 | 0 | |a Japón |9 260391 | |
| 583 | |a last modification |c 19970106 00:00:00 |k Rodrigo Vera | ||
| 490 | 0 | |a Praeger University Series | |
| 999 | |c 255014 |d 255012 | ||
| 952 | |0 0 |1 0 |4 0 |6 320_952000000000000_MAK_1962 |7 0 |8 P |9 277042 |a BIBDER |b BIBDER |d 2019-11-19 |i 1801546 |o 320.952 MAK 1962 |p 1801546 |r 2023-01-25 |w 2019-11-19 |y BK |k DER | ||